01072 2200361 4500001002100000005001500021035002000036007000300056008004100059020002200100040002200122082001700144084001900161090002300180090002200203100003600225245010100261250004100362300002800403650001500431850001200446264003200458336002100490337003000511338002300541999002200564990002200586990002000608990002000628990002000648990002200668990002000690INLIS00000000085610720200709092555 a0010-0720000320ta200709s2019 yoi g 0 ind d a978-602-5621-77-2 aYOPDYOGbinderda04223a658.3044 a658.3044 DAU p aDEP 658.3044 DAU p aCB-D.11 2019-28930 aDaud TjondrorahardjaePengarang14aThe power of stories in sales :bkunci mengubah pola pikir para salesman /cDaud Tjondrorahardja aEdisi pertama, cetakan pertama, 2019 axv, 86 halaman ;c24 cm 4aPramuniaga aYOPDYOG31aYogyakarta :bExpert,c2019 2rdacontentateks 2rdamediaatanpa perantara 2rdacarrieravolume aCB-D.11/2019-2893 aCB-D.11/2019-2893 a44476-PD/B.2022 a44477-PD/B.2022 a44478-PD/B.2022 aCB-D.11/2019-2893 a44476-PD/B.2022